[Event "zonal 3.1 (w)"]
[Site "Madras IND"]
[Date "1995.04.??"]
[Round "1"]
[White "Khanam, Afroza"]
[Black "Amarawickrama, Nihara"]
[Result "1-0"]
[WhiteElo "2010"]
[BlackElo "2000"]
[EventDate "1995.04.16"]
[PlyCount "98"]

1.d4 Nf6 2.Nf3 g6 3.e3 Bg7 4.Bd3 d6 5.c3 O-O 6.O-O Nbd7 7.Nbd2 e5 8.dxe5 
dxe5 9.Ne4 Nxe4 10.Bxe4 f5 11.Bxb7 Bxb7 12.Qb3+ Kh8 13.Qxb7 e4 14.Nd4 Nc5 
15.Qb5 Qd6 16.Qe2 Nd3 17.Rb1 c5 18.Nc2 Rab8 19.Na3 Qe6 20.c4 g5 21.b3 Qh6 
22.Nc2 Be5 23.g3 Bg7 24.Ne1 Ne5 25.Bb2 g4 26.Bxe5 Bxe5 27.Ng2 Rb6 28.Rfd1 
Qh3 29.Qf1 Rh6 30.Nh4 Rxh4 31.Qxh3 Rxh3 32.Rd5 Bb8 33.Rbd1 Kg7 34.Rxc5 Rh6
35.Rd7+ Kg8 36.Rcd5 Rhf6 37.c5 h5 38.b4 R8f7 39.b5 Rxd7 40.Rxd7 Rf7 41.Rd5
Kg7 42.b6 axb6 43.cxb6 Kf6 44.a4 Ke6 45.Rd8 Be5 46.a5 Rd7 47.Re8+ Kd6 48.
a6 Re7 49.Rxe7 Kxe7 1-0

[Event "zonal 3.1 (w)"]
[Site "Madras IND"]
[Date "1995.04.??"]
[Round "1"]
[White "Shirazi, Jafari"]
[Black "Navabi, Shirin"]
[Result "1/2-1/2"]
[WhiteElo "2000"]
[BlackElo "2000"]
[EventDate "1995.04.16"]
[PlyCount "45"]

1.d4 Nf6 2.c4 e6 3.Nc3 Bb4 4.Bg5 h6 5.Bh4 c5 6.e3 cxd4 7.exd4 g5 8.Bg3 Ne4
9.Qc2 Bxc3+ 10.bxc3 Nxg3 11.fxg3 b6 12.Be2 Bb7 13.Bf3 Qc7 14.Qd3 Nc6 15.
Be2 Na5 16.Nf3 Rc8 17.O-O Nxc4 18.Rac1 f5 19.Rfe1 Qd6 20.Bf1 Be4 21.Qd1 
Bxf3 22.Qxf3 g4 23.Qxf5 1/2-1/2

[Event "zonal 3.1 (w)"]
[Site "Madras IND"]
[Date "1995.04.??"]
[Round "1"]
[White "Thipsay, Bagyashree Sathe"]
[Black "Mohota, Nisha"]
[Result "1-0"]
[WhiteElo "2200"]
[BlackElo "2000"]
[EventDate "1995.04.16"]
[PlyCount "43"]

1.e4 c6 2.d4 d5 3.e5 Bf5 4.Nf3 e6 5.Be2 c5 6.O-O Ne7 7.c4 dxc4 8.Bxc4 Bg4 
9.dxc5 Qxd1 10.Rxd1 Nec6 11.Be3 Nd7 12.Nbd2 Ndxe5 13.Nxe5 Nxe5 14.Bb5+ Nc6
15.f3 Bf5 16.Nc4 Rd8 17.Na5 a6 18.Nxc6 bxc6 19.Bxc6+ Ke7 20.Bb7 Rd3 21.Bf2
a5 22.c6 1-0

[Event "zonal 3.1 (w)"]
[Site "Madras IND"]
[Date "1995.04.??"]
[Round "1"]
[White "Vijayalakshmi, Subbaraman"]
[Black "Parveen, Seyda Shabana"]
[Result "1-0"]
[WhiteElo "2000"]
[BlackElo "2105"]
[EventDate "1995.04.16"]
[PlyCount "81"]

1.c4 c5 2.Nc3 Nc6 3.g3 g6 4.Bg2 Bg7 5.e3 d6 6.Nge2 Nf6 7.O-O O-O 8.d3 Rb8 
9.b3 Bf5 10.Bb2 Nb4 11.e4 Bd7 12.Rb1 Ng4 13.a3 Nc6 14.h3 Nf6 15.Nd5 e5 16.
Nec3 Nxd5 17.Nxd5 Ne7 18.b4 Nxd5 19.cxd5 cxb4 20.axb4 Qb6 21.Bc1 a6 22.Be3
Qd8 23.Qd2 Bb5 24.Rfc1 Qd7 25.Rc3 Rbc8 26.Rbc1 Rxc3 27.Qxc3 f5 28.Kh2 f4 
29.Bb6 fxg3+ 30.fxg3 Bh6 31.Rc2 Bg5 32.h4 Bf6 33.Bh3 Qe7 34.Qd2 Qg7 35.Rc7
Be7 36.Be3 Qf6 37.Bg5 Qf2+ 38.Qxf2 Rxf2+ 39.Kg1 Rf3 40.Bxe7 Rxg3+ 41.Kh2 
1-0

[Event "zonal 3.1 (w)"]
[Site "Madras IND"]
[Date "1995.04.??"]
[Round "2"]
[White "Amarawickrama, Nihara"]
[Black "Thipsay, Bagyashree Sathe"]
[Result "0-1"]
[WhiteElo "2000"]
[BlackElo "2200"]
[EventDate "1995.04.16"]
[PlyCount "58"]

1.d4 f5 2.e4 fxe4 3.Nc3 Nf6 4.Bg5 Nc6 5.f3 d5 6.Qd2 Bf5 7.O-O-O Qd7 8.g4 
Bg6 9.h3 O-O-O 10.Bb5 a6 11.Ba4 h5 12.Bxf6 gxf6 13.Kb1 hxg4 14.fxg4 Bh6 
15.Qe1 f5 16.gxf5 Bxf5 17.h4 Qd6 18.Nge2 e6 19.Bb3 Bg4 20.Na4 Bf3 21.Rf1 
Rhg8 22.Nc5 Rg2 23.Rf2 Rdg8 24.Rxg2 Rxg2 25.Nc3 Bxd1 26.Qxd1 Qg3 27.Qh5 
Rg1+ 28.Nd1 Qg6 29.Qe2 Nxd4 0-1

[Event "zonal 3.1 (w)"]
[Site "Madras IND"]
[Date "1995.04.??"]
[Round "2"]
[White "Parveen, Seyda Shabana"]
[Black "Saritha, Bindu"]
[Result "1/2-1/2"]
[WhiteElo "2105"]
[BlackElo "2090"]
[EventDate "1995.04.16"]
[PlyCount "102"]

1.d4 e6 2.g3 f5 3.Bg2 Nf6 4.Nf3 Be7 5.c4 d6 6.Nc3 O-O 7.O-O Qe8 8.Qc2 Qh5 
9.e4 fxe4 10.Nxe4 e5 11.dxe5 dxe5 12.Nxf6+ Bxf6 13.Be3 Bh3 14.Qb3 Bxg2 15.
Kxg2 b6 16.c5+ Qf7 17.Qxf7+ Rxf7 18.Rac1 Na6 19.Rc4 e4 20.Rxe4 Bxb2 21.Rb1
Bf6 22.Rc1 Raf8 23.Ne1 Nxc5 24.Bxc5 bxc5 25.Rxc5 Rd8 26.Rc2 Bd4 27.f4 Bb6 
28.Nf3 Rfd7 29.Rce2 h6 30.g4 c5 31.f5 Rc8 32.Rc2 Rcd8 33.Rce2 Ba5 34.Rc2 
Rc7 35.Ra4 Bb6 36.h3 Re7 37.Rac4 Rde8 38.Ng1 Re3 39.a4 Ra3 40.Re2 Rae3 41.
Kf2 Rxe2+ 42.Nxe2 Kf7 43.Kf3 Kf6 44.Nf4 Re1 45.Nh5+ Kf7 46.Nf4 Rb1 47.Re4 
Rb3+ 48.Ke2 Rb4 49.Kd3 Bd8 50.Ne6 Be7 51.Nf4 Bd6 1/2-1/2

[Event "zonal 3.1 (w)"]
[Site "Madras IND"]
[Date "1995.04.??"]
[Round "2"]
[White "Shirazi, Jafari"]
[Black "Vijayalakshmi, Subbaraman"]
[Result "0-1"]
[WhiteElo "2000"]
[BlackElo "2000"]
[EventDate "1995.04.16"]
[PlyCount "100"]

1.d4 d5 2.c4 c6 3.cxd5 cxd5 4.Nc3 Nf6 5.Bf4 Nc6 6.Nf3 Bf5 7.e3 e6 8.Bd3 
Bg4 9.h3 Bh5 10.O-O Be7 11.Re1 O-O 12.Be2 Rc8 13.Rc1 Nd7 14.a3 f6 15.Bg3 
Na5 16.Nd2 Bf7 17.Bd3 a6 18.Qc2 f5 19.b4 Nc4 20.Qa2 b5 21.f3 Bf6 22.Nd1 
Qb6 23.Nb3 Rc6 24.Nc5 Qa7 25.a4 Nxc5 26.bxc5 b4 27.Bxc4 dxc4 28.Qxc4 f4 
29.exf4 e5 30.Qxb4 Rb8 31.Qd2 exd4 32.Bf2 Rd8 33.Re4 Rxc5 34.Kh1 Rxc1 35.
Qxc1 Qd7 36.Qd2 Qxa4 37.Nb2 Qd7 38.Qe2 d3 39.Qd2 Bxb2 40.Qxb2 d2 41.Rd4 
Qxd4 42.Bxd4 d1=Q+ 43.Bg1 Qd2 44.Qb6 Bc4 45.Qc6 Bf1 46.Qe6+ Kh8 47.Qg4 a5 
48.Bb6 Re8 49.Qg3 a4 50.f5 Bxg2+ 0-1

[Event "zonal 3.1 (w)"]
[Site "Madras IND"]
[Date "1995.04.??"]
[Round "3"]
[White "Saritha, Bindu"]
[Black "Shirazi, Jafari"]
[Result "1-0"]
[WhiteElo "2090"]
[BlackElo "2000"]
[EventDate "1995.04.16"]
[PlyCount "105"]

1.d4 Nf6 2.Nf3 e6 3.c4 b6 4.g3 Bb7 5.Bg2 d5 6.O-O Nbd7 7.Nc3 c5 8.cxd5 
exd5 9.Qa4 Be7 10.dxc5 bxc5 11.Ne5 Qc8 12.Nxd7 Qxd7 13.Qxd7+ Kxd7 14.Rd1 
Ke6 15.Bf4 Bd6 16.Bxd6 Kxd6 17.Nxd5 Nxd5 18.Bxd5 Bxd5 19.e4 Rhe8 20.Rxd5+ 
Kc6 21.f3 Rad8 22.Rad1 Rxd5 23.Rxd5 Rb8 24.b3 a5 25.Kf1 a4 26.Rd3 axb3 27.
axb3 Ra8 28.Ke2 Ra2+ 29.Ke3 Rxh2 30.e5 Rh6 31.Ke4 Re6 32.Rc3 f6 33.f4 fxe5
34.fxe5 Rg6 35.Kf5 Kd7 36.g4 Re6 37.Rxc5 Rb6 38.Rc3 Rb5 39.Rd3+ Ke7 40.Re3
Kf7 41.Rc3 g6+ 42.Ke4 Rb4+ 43.Kd5 Rb5+ 44.Kd6 Rb6+ 45.Kd7 Rb7+ 46.Rc7 Rb6 
47.b4 h5 48.gxh5 gxh5 49.Rc4 Rh6 50.Rf4+ Kg8 51.e6 h4 52.e7 Rh7 53.Kd8 1-0

[Event "zonal 3.1 (w)"]
[Site "Madras IND"]
[Date "1995.04.??"]
[Round "3"]
[White "Khanam, Afroza"]
[Black "Parveen, Seyda Shabana"]
[Result "1-0"]
[WhiteElo "2015"]
[BlackElo "2105"]
[EventDate "1995.04.16"]
[PlyCount "77"]

1.d4 Nf6 2.Nf3 e6 3.e3 b6 4.Bd3 Bb7 5.Nbd2 d5 6.O-O Be7 7.b3 O-O 8.Bb2 c5 
9.Ne5 Ne4 10.f3 Nxd2 11.Qxd2 cxd4 12.exd4 Nc6 13.f4 g6 14.Rf3 Bf6 15.Rh3 
Bg7 16.Rf1 a5 17.Ba3 Re8 18.Bb5 Rc8 19.Rc3 Nxe5 20.fxe5 Rxc3 21.Qxc3 Qc8 
22.Qf3 Rf8 23.Bxf8 Qxf8 24.c4 Qe7 25.Qc3 Qc7 26.Rc1 Bh6 27.cxd5 Qxc3 28.
Rxc3 Bxd5 29.Kf2 Bd2 30.Rc8+ Kg7 31.Ke2 Bg5 32.Bc6 f6 33.Bxd5 exd5 34.
exf6+ Kxf6 35.Kd3 Kf5 36.Rc6 Bd8 37.g3 Kg4 38.Rd6 Bc7 39.Rd7 1-0

[Event "zonal 3.1 (w)"]
[Site "Madras IND"]
[Date "1995.04.??"]
[Round "3"]
[White "Mohota, Nisha"]
[Black "Amarawickrama, Nihara"]
[Result "1-0"]
[WhiteElo "2000"]
[BlackElo "2000"]
[EventDate "1995.04.16"]
[PlyCount "115"]

1.d4 Nf6 2.c4 g6 3.Nc3 Bg7 4.e4 d6 5.f3 O-O 6.Be3 e5 7.Nge2 c6 8.Qd2 Nbd7 
9.O-O-O Qa5 10.Kb1 b5 11.cxb5 cxb5 12.dxe5 dxe5 13.Nd5 Qxd2 14.Rxd2 Bb7 
15.Nc7 Rab8 16.Bxa7 Bxe4+ 17.fxe4 Rb7 18.Nxb5 Rxb5 19.Nc3 Rb7 20.Be3 Rc8 
21.Rc2 Rbc7 22.Ba6 Ra8 23.Be2 Rac8 24.Rhc1 Rb8 25.Bf3 Nf8 26.Nd1 Rxc2 27.
Rxc2 Ne6 28.Rc4 Nd7 29.Bg4 Ndf8 30.a4 Nd4 31.b4 Nfe6 32.Nc3 f5 33.Bd1 Bf8 
34.b5 Bc5 35.Ka2 Bb6 36.Nd5 Ba5 37.Bb3 Kg7 38.exf5 gxf5 39.g3 Kg6 40.Ne7+ 
Kg7 41.Nc6 Nxc6 42.Rxc6 Nd4 43.Bh6+ Kh8 44.Bg5 Nxb3 45.Bf6+ Kg8 46.Kxb3 e4
47.Bc3 Bd8 48.Be5 Ra8 49.b6 Ra6 50.Bd4 Ra8 51.Bc3 e3 52.a5 Rb8 53.Kc2 Kf7 
54.Kd3 Bg5 55.h4 Be7 56.Kxe3 Bd8 57.Bd4 Ke8 58.a6 1-0

[Event "zonal 3.1 (w)"]
[Site "Madras IND"]
[Date "1995.04.??"]
[Round "3"]
[White "Vijayalakshmi, Subbaraman"]
[Black "Navabi, Shirin"]
[Result "1-0"]
[WhiteElo "2000"]
[BlackElo "2000"]
[EventDate "1995.04.16"]
[PlyCount "63"]

1.d4 Nf6 2.c4 e6 3.Nc3 Bb4 4.Qc2 d5 5.cxd5 exd5 6.Bg5 O-O 7.e3 h6 8.Bh4 c6
9.Bd3 Nbd7 10.Nf3 c5 11.O-O c4 12.Bh7+ Kh8 13.Nxd5 g5 14.Nxg5 hxg5 15.Bxg5
Be7 16.Nxe7 Qxe7 17.Bf5 Rg8 18.f4 Kg7 19.e4 Qb4 20.Rf3 Rh8 21.a3 Qb6 22.
Rd1 Nh7 23.Bxh7 Rxh7 24.e5 Rh8 25.Be7 Rh6 26.Kh1 Qe6 27.Rg3+ Kh8 28.Bg5 
Rh5 29.d5 Qa6 30.Qe2 Rh7 31.e6 f6 32.e7 1-0

[Event "zonal 3.1 (w)"]
[Site "Madras IND"]
[Date "1995.04.??"]
[Round "4"]
[White "Gokhale, Anupama"]
[Black "Mohota, Nisha"]
[Result "1/2-1/2"]
[WhiteElo "2145"]
[BlackElo "2000"]
[EventDate "1995.04.16"]
[PlyCount "80"]

1.c4 c5 2.Nf3 Nf6 3.g3 g6 4.Bg2 Bg7 5.O-O O-O 6.d4 cxd4 7.Nxd4 Nc6 8.Nc3 
Nxd4 9.Qxd4 d6 10.Qd3 Qa5 11.Bd2 Qh5 12.f3 Qc5+ 13.Kh1 Be6 14.b3 d5 15.
cxd5 Nxd5 16.Na4 Qd4 17.Qxd4 Bxd4 18.Rad1 b5 19.e4 Ne3 20.Bxe3 Bxe3 21.Nc3
Rab8 22.Rd3 Bc5 23.f4 Rfd8 24.Rfd1 Rdc8 25.Nd5 Kf8 26.h3 Bf2 27.g4 f5 28.
exf5 gxf5 29.Ne3 fxg4 30.Nxg4 Bb6 31.Ne5 Rc2 32.f5 Bc8 33.Nc6 Bb7 34.Nxb8 
Bxg2+ 35.Kh2 Bc7+ 36.Kg1 Bb6+ 37.Kh2 Bc7+ 38.Kg1 Bb6+ 39.Kh2 Bc7+ 40.Kg1 
Bb6+ 1/2-1/2

[Event "zonal 3.1 (w)"]
[Site "Madras IND"]
[Date "1995.04.??"]
[Round "4"]
[White "Navabi, Shirin"]
[Black "Amarawickrama, Nihara"]
[Result "1/2-1/2"]
[WhiteElo "2000"]
[BlackElo "2000"]
[EventDate "1995.04.16"]
[PlyCount "41"]

1.c4 Nf6 2.Nf3 g6 3.b3 Bg7 4.Bb2 d6 5.e3 O-O 6.Be2 e5 7.d4 exd4 8.Nxd4 
Nbd7 9.Nd2 Nc5 10.Qc2 Re8 11.O-O a5 12.a3 Qe7 13.Bf3 Bg4 14.Bxg4 Nxg4 15.
b4 Na6 16.Nb5 c6 17.Bxg7 Kxg7 18.Qb2+ Kg8 19.Nd4 Qe5 20.N2f3 Qh5 21.b5 
1/2-1/2

[Event "zonal 3.1 (w)"]
[Site "Madras IND"]
[Date "1995.04.??"]
[Round "4"]
[White "Parveen, Seyda Shabana"]
[Black "Thipsay, Bagyashree Sathe"]
[Result "1/2-1/2"]
[WhiteElo "2145"]
[BlackElo "2200"]
[EventDate "1995.04.16"]
[PlyCount "72"]

1.d4 e6 2.g3 f5 3.Bg2 Nf6 4.Nf3 Be7 5.c4 d6 6.Nc3 O-O 7.O-O a5 8.Ne1 d5 9.
cxd5 exd5 10.Bf4 c6 11.Nf3 Nbd7 12.Ne5 Nxe5 13.Bxe5 Ng4 14.e3 Qb6 15.Qe2 
Be6 16.b3 Ba3 17.Bf4 Qd8 18.h3 Nf6 19.Rad1 Ne4 20.Qc2 Nxc3 21.Qxc3 Qe7 22.
h4 Ra7 23.Bg5 Qf7 24.Bf4 Rfa8 25.Bf3 Qe7 26.Bg5 Qf8 27.Rb1 Bb4 28.Qb2 Ba3 
29.Qc3 Bc8 30.Bf4 Bb4 31.Qb2 Ba3 32.Qc3 Qe7 33.Be2 Bb4 34.Qb2 Ba3 35.Qc3 
Bb4 36.Qb2 Ba3 1/2-1/2

[Event "zonal 3.1 (w)"]
[Site "Madras IND"]
[Date "1995.04.??"]
[Round "4"]
[White "Shirazi, Jafari"]
[Black "Khanam, Afroza"]
[Result "0-1"]
[WhiteElo "2000"]
[BlackElo "2010"]
[EventDate "1995.04.16"]
[PlyCount "102"]

1.d4 e6 2.c4 d5 3.cxd5 exd5 4.Nc3 c6 5.Nf3 Nf6 6.Bg5 Be7 7.e3 Bf5 8.Qb3 
Qb6 9.Qxb6 axb6 10.Ne5 h6 11.Bh4 O-O 12.Be2 g5 13.Bg3 Nbd7 14.h4 Kg7 15.
hxg5 hxg5 16.Kd2 Bb4 17.Bd3 Bxd3 18.Kxd3 Bxc3 19.bxc3 Rfd8 20.f3 b5 21.
Rhb1 Ra7 22.a3 Nb6 23.Rb4 Rda8 24.a4 Rxa4 25.Rbxa4 Rxa4 26.Rxa4 bxa4 27.c4
a3 28.Be1 Nfd7 29.Nxd7 Nxd7 30.c5 b6 31.cxb6 Nxb6 32.e4 Na4 33.Bc3 Kg6 34.
g4 Kf6 35.Ba1 Ke6 36.Kc2 c5 37.Kb3 Nb2 38.Kxa3 Nc4+ 39.Ka4 cxd4 40.Bxd4 
Nd2 41.exd5+ Kxd5 42.Bf6 Nxf3 43.Kb4 Ke4 44.Kc5 Kf4 45.Kd6 Kxg4 46.Ke7 Kf5
47.Kxf7 g4 48.Bd8 g3 49.Bb6 g2 50.Kg7 Ke4 51.Kg6 Nd4 0-1

[Event "zonal 3.1 (w)"]
[Site "Madras IND"]
[Date "1995.04.??"]
[Round "4"]
[White "Vijayalakshmi, Subbaraman"]
[Black "Saritha, Bindu"]
[Result "1-0"]
[WhiteElo "2000"]
[BlackElo "2090"]
[EventDate "1995.04.16"]
[PlyCount "109"]

1.d4 d5 2.c4 c6 3.Nf3 Nf6 4.Nc3 g6 5.Bf4 Bg7 6.e3 O-O 7.h3 b6 8.cxd5 Nxd5 
9.Be5 f6 10.Bg3 Nxc3 11.bxc3 Be6 12.Bd3 Nd7 13.O-O Bf7 14.Ba6 e5 15.Bb7 
Rb8 16.Bxc6 Rc8 17.Bxd7 Qxd7 18.dxe5 Qxd1 19.Rfxd1 Rxc3 20.a4 fxe5 21.Bxe5
Bxe5 22.Nxe5 Bb3 23.Rd7 Rc2 24.f3 a5 25.Rd6 Rfc8 26.Rxb6 Rc1+ 27.Rxc1 
Rxc1+ 28.Kh2 Bxa4 29.Ra6 Rc5 30.Ra8+ Kg7 31.Ra7+ Kg8 32.Ng4 Bc6 33.Nf6+ 
Kf8 34.Nd7+ Bxd7 35.Rxd7 Re5 36.Rxh7 Rxe3 37.Ra7 Ra3 38.h4 Ra2 39.Kh3 a4 
40.g4 a3 41.Kg3 Ra1 42.Kf4 a2 43.Kg5 Rb1 44.Rxa2 Rb6 45.Ra7 Kg8 46.Kh6 Rf6
47.g5 Rxf3 48.Kxg6 Rf8 49.h5 Kh8 50.h6 Rb8 51.Ra5 Rg8+ 52.Kh5 Rb8 53.g6 
Kg8 54.h7+ Kg7 55.Ra7+ 1-0

[Event "zonal 3.1 (w)"]
[Site "Madras IND"]
[Date "1995.04.??"]
[Round "5"]
[White "Amarawickrama, Nihara"]
[Black "Gokhale, Anupama"]
[Result "0-1"]
[WhiteElo "2000"]
[BlackElo "2145"]
[EventDate "1995.04.16"]
[PlyCount "98"]

1.d4 g6 2.c4 Nf6 3.Nc3 Bg7 4.Nf3 d6 5.e4 O-O 6.Be2 Bg4 7.h3 Bxf3 8.gxf3 e5
9.d5 Nh5 10.Be3 Nf4 11.Bxf4 exf4 12.Qd2 Bxc3 13.Qxc3 Nd7 14.O-O-O a5 15.h4
h5 16.Rdg1 b6 17.Rg5 Qf6 18.Qxf6 Nxf6 19.a4 Rfe8 20.Kc2 Nd7 21.Rhg1 Kf8 
22.b3 Ne5 23.Kc3 f6 24.R5g2 Ke7 25.Bd1 Rh8 26.Be2 Rag8 27.Bd1 g5 28.hxg5 
fxg5 29.Rxg5 Rxg5 30.Rxg5 h4 31.Rg2 Kf6 32.Kd2 h3 33.Rh2 c6 34.dxc6 Nxc6 
35.Kc3 Ke5 36.Be2 Nd4 37.Bf1 Nxf3 38.Rxh3 Rxh3 39.Bxh3 Ng5 40.Bf5 Nxe4+ 
41.Bxe4 Kxe4 42.b4 Kf3 43.bxa5 bxa5 44.Kd4 Kxf2 45.Kd5 f3 46.Kxd6 Ke3 47.
c5 f2 48.c6 f1=Q 49.c7 Qh3 0-1

[Event "zonal 3.1 (w)"]
[Site "Madras IND"]
[Date "1995.04.??"]
[Round "5"]
[White "Khanam, Afroza"]
[Black "Vijayalakshmi, Subbaraman"]
[Result "0-1"]
[WhiteElo "2010"]
[BlackElo "2000"]
[EventDate "1995.04.16"]
[PlyCount "128"]

1.d4 Nf6 2.Nf3 g6 3.e3 c5 4.Bd3 Bg7 5.c3 cxd4 6.exd4 O-O 7.O-O d6 8.Re1 
Nc6 9.Nbd2 Nd7 10.Ne4 d5 11.Ng3 e5 12.dxe5 Ndxe5 13.Nxe5 Nxe5 14.Bc2 Be6 
15.Be3 Nc4 16.Bc1 Qh4 17.Ne2 Ne5 18.Bf4 Bg4 19.Qc1 Bxe2 20.Rxe2 Ng4 21.h3 
Nf6 22.Bg3 Qc4 23.Qd1 Rfe8 24.Rd2 Rad8 25.Bb3 Qc5 26.Bh4 Re5 27.c4 d4 28.
Qc2 Rde8 29.Qd3 Re1+ 30.Rxe1 Rxe1+ 31.Kh2 Ne4 32.Re2 Be5+ 33.Bg3 Bxg3+ 34.
fxg3 Rxe2 35.Qxe2 Qe5 36.Qf3 Kg7 37.Bc2 Nd2 38.Qd3 Qe3 39.b4 Kf6 40.Qxe3 
dxe3 41.Bd3 Ke5 42.c5 Kd4 43.Be2 Ne4 44.Bf3 Nf2 45.Kg1 Nd3 46.a3 a5 47.Kf1
axb4 48.axb4 Nxb4 49.Bxb7 Kxc5 50.g4 Kd4 51.Ke2 Na2 52.g5 Nc3+ 53.Ke1 Ne4 
54.h4 Nd6 55.Bf3 Nf5 56.g4 Nxh4 57.Bc6 Kd3 58.Bb5+ Ke4 59.Be8 Nf3+ 60.Ke2 
Nxg5 61.Bd7 Nh3 62.Be8 Nf4+ 63.Ke1 e2 64.Bb5 Ke3 0-1

[Event "zonal 3.1 (w)"]
[Site "Madras IND"]
[Date "1995.04.??"]
[Round "5"]
[White "Mohota, Nisha"]
[Black "Parveen, Seyda Shabana"]
[Result "1-0"]
[WhiteElo "2000"]
[BlackElo "2105"]
[EventDate "1995.04.16"]
[PlyCount "113"]

1.d4 d5 2.c4 c6 3.Nf3 Nf6 4.Nc3 Bf5 5.cxd5 cxd5 6.Qb3 Bc8 7.Bf4 e6 8.e3 a6
9.Rc1 Nc6 10.Bd3 Bd6 11.Bg5 O-O 12.O-O Be7 13.Bb1 Nh5 14.Bxe7 Qxe7 15.Ne5 
g6 16.Nxc6 bxc6 17.Na4 Qd6 18.Qc3 Bb7 19.Nc5 Bc8 20.Bc2 f5 21.f4 Nf6 22.
Ba4 Rf7 23.Rc2 Rc7 24.Rfc1 Bd7 25.Qd3 Be8 26.Rc3 g5 27.g3 gxf4 28.exf4 Ne4
29.Ra3 Rg7 30.Qe3 Rb8 31.Bb3 h5 32.Nxe4 dxe4 33.Rxa6 h4 34.Ra5 hxg3 35.
hxg3 Rd8 36.Rxf5 Bf7 37.Rfc5 Qxd4 38.Qxd4 Rxd4 39.R5c3 Kh8 40.Rd1 c5 41.
Kf2 Bh5 42.Rh1 Rh7 43.Rxc5 Bg6 44.Rc8+ Kg7 45.Rc7+ Kh8 46.Rcxh7+ Bxh7 47.
Bxe6 Rd2+ 48.Ke3 Rd3+ 49.Ke2 Kg7 50.g4 Bg6 51.g5 Be8 52.Bc4 Rg3 53.Kd2 Bd7
54.Re1 Bf5 55.a4 Rg2+ 56.Re2 Rg1 57.a5 1-0

[Event "zonal 3.1 (w)"]
[Site "Madras IND"]
[Date "1995.04.??"]
[Round "5"]
[White "Thipsay, Bagyashree Sathe"]
[Black "Shirazi, Jafari"]
[Result "1-0"]
[WhiteElo "2200"]
[BlackElo "2000"]
[EventDate "1995.04.16"]
[PlyCount "47"]

1.e4 e6 2.d4 d5 3.e5 c5 4.c3 Nc6 5.Nf3 Qb6 6.a3 c4 7.Be2 Bd7 8.Nbd2 Na5 9.
O-O f6 10.Re1 Ne7 11.Rb1 Ng6 12.b3 cxb3 13.c4 fxe5 14.cxd5 exd5 15.Nxe5 
Nxe5 16.Bh5+ Kd8 17.Rxe5 Qxd4 18.Bb2 Qd3 19.Be2 Qc2 20.Rxd5 Nc6 21.Nxb3 
Qxd1+ 22.Rbxd1 Nb8 23.Bg4 b6 24.Bxd7 1-0

[Event "zonal 3.1 (w)"]
[Site "Madras IND"]
[Date "1995.04.??"]
[Round "6"]
[White "Saritha, Bindu"]
[Black "Khanam, Afroza"]
[Result "1/2-1/2"]
[WhiteElo "2090"]
[BlackElo "2010"]
[EventDate "1995.04.16"]
[PlyCount "143"]

1.d4 e6 2.c4 d5 3.Nc3 Nf6 4.Bg5 Be7 5.cxd5 Nxd5 6.Bxe7 Qxe7 7.e4 Nxc3 8.
bxc3 O-O 9.Nf3 Rd8 10.Be2 c5 11.Qb3 Nc6 12.Rd1 cxd4 13.cxd4 Qb4+ 14.Qxb4 
Nxb4 15.Rd2 b6 16.a3 Na6 17.O-O Bb7 18.Ne5 Rac8 19.Rfd1 Rc3 20.a4 Nc7 21.
f3 Ba6 22.Bxa6 Nxa6 23.d5 exd5 24.exd5 Nc5 25.Nc6 Rd7 26.d6 Nb3 27.Re2 f6 
28.Re7 Nc5 29.Nxa7 Rxe7 30.dxe7 Kf7 31.Re1 Ke8 32.Nc8 Nb7 33.Nxb6 Rc6 34.
Nd5 Rc5 35.Rb1 Rxd5 36.Rxb7 Ra5 37.Rb4 Kxe7 38.Rd4 Rc5 39.Kf2 Rc2+ 40.Kg3 
Ra2 41.Rb4 f5 42.Rb7+ Kf6 43.Ra7 g6 44.h4 h6 45.a5 Ra3 46.a6 Ra4 47.Ra8 
Kg7 48.a7 f4+ 49.Kg4 Kh7 50.h5 g5 51.Kf5 Ra3 52.Ke5 Kg7 53.Kd5 Ra1 54.Kc6 
Rc1+ 55.Kd5 Ra1 56.Kd4 Ra3 57.Kd5 Ra6 58.Kc5 Ra5+ 59.Kd6 Ra1 60.Re8 Ra6+ 
61.Ke5 Rxa7 62.Kf5 Ra5+ 63.Re5 Ra7 64.Rd5 Rf7+ 65.Ke6 Rf6+ 66.Ke5 Rf7 67.
Rd6 Re7+ 68.Re6 Kf7 69.Rxe7+ Kxe7 70.Kf5 Kf7 71.Ke5 Ke7 72.Kf5 1/2-1/2

[Event "zonal 3.1 (w)"]
[Site "Madras IND"]
[Date "1995.04.??"]
[Round "6"]
[White "Parveen, Seyda Shabana"]
[Black "Amarawickrama, Nihara"]
[Result "1-0"]
[WhiteElo "2145"]
[BlackElo "2000"]
[EventDate "1995.04.16"]
[PlyCount "160"]

1.d4 Nf6 2.g3 g6 3.Bg2 Bg7 4.c4 d6 5.Nf3 O-O 6.O-O Nbd7 7.Nc3 e5 8.dxe5 
dxe5 9.Qc2 c6 10.Rd1 Qc7 11.b3 a6 12.Ba3 c5 13.Bb2 Re8 14.Ng5 h6 15.Nge4 
Nxe4 16.Nxe4 Nf6 17.Nd6 Re7 18.Rd2 Ne8 19.Rad1 Nxd6 20.Rxd6 Bf5 21.Qd2 Kh7
22.Bc3 Rae8 23.e4 Bg4 24.f3 Be6 25.Ba5 Qc8 26.Bd8 Bf8 27.Bf1 f5 28.Bxe7 
Bxe7 29.Rxe6 Qxe6 30.Qd7 Qf7 31.Qxb7 Kh8 32.Rd7 f4 33.Kg2 fxg3 34.hxg3 Qf6
35.Be2 g5 36.Rc7 h5 37.Rc8 Rxc8 38.Qxc8+ Kg7 39.Qd7 h4 40.gxh4 gxh4 41.
Qg4+ Qg5 42.Qxg5+ Bxg5 43.Kh3 Kg6 44.Kg4 a5 45.Bf1 Kf6 46.Kh5 Bd2 47.Kxh4 
Bg5+ 48.Kg4 Be3 49.Bh3 Bd2 50.Kh4 Bg5+ 51.Kg4 Be3 52.Kh4 Bg5+ 53.Kh5 Be3 
54.Bc8 Bd2 55.Kg4 Bf4 56.Bb7 Be3 57.Bd5 Bf4 58.Kh3 Kg5 59.Kg2 Be3 60.Kf1 
Kf6 61.Ke2 Bd4 62.Kd3 Bb2 63.Ke2 Bd4 64.Kf1 Be3 65.Kg2 Kg5 66.Kg3 Kf6 67.
Kg4 Bf4 68.a3 Be3 69.Bg8 Bd2 70.Kg3 Be1+ 71.Kg2 Bd2 72.Kf2 Bc3 73.Ke3 Bd4+
74.Kd3 Ke7 75.b4 cxb4 76.axb4 axb4 77.f4 Bb2 78.f5 Bd4 79.Kc2 Bc5 80.Kb3 
Kd6 1-0

[Event "zonal 3.1 (w)"]
[Site "Madras IND"]
[Date "1995.04.??"]
[Round "6"]
[White "Shirazi, Jafari"]
[Black "Mohota, Nisha"]
[Result "0-1"]
[WhiteElo "2000"]
[BlackElo "2000"]
[EventDate "1995.04.16"]
[PlyCount "76"]

1.d4 f5 2.g3 g6 3.Bg2 Bg7 4.Nf3 c6 5.c4 d6 6.Nc3 Nh6 7.O-O O-O 8.Bf4 Nf7 
9.Ng5 e5 10.Nxf7 Kxf7 11.dxe5 dxe5 12.Bd2 Be6 13.b3 e4 14.Qc1 Qd4 15.Rb1 
Na6 16.Nd1 Qd7 17.Bc3 Rfd8 18.Bxg7 Kxg7 19.Nc3 Qf7 20.Qb2 Qf6 21.Rfd1 Bf7 
22.e3 Nc5 23.Bf1 g5 24.Qc2 Bh5 25.Be2 Bxe2 26.Nxe2 Nd3 27.a3 Ne5 28.Kg2 
Kf7 29.c5 Qh6 30.h3 Qg6 31.Nd4 f4 32.Rf1 f3+ 33.Kh2 Rd5 34.b4 Ng4+ 35.Kg1 
Nf6 36.Rbd1 Qh5 37.Qb2 Qxh3 38.Ne2 Qg2# 0-1

[Event "zonal 3.1 (w)"]
[Site "Madras IND"]
[Date "1995.04.??"]
[Round "6"]
[White "Vijayalakshmi, Subbaraman"]
[Black "Thipsay, Bagyashree Sathe"]
[Result "1-0"]
[WhiteElo "2000"]
[BlackElo "2200"]
[EventDate "1995.04.16"]
[PlyCount "131"]

1.c4 f5 2.Nf3 Nf6 3.g3 e6 4.Bg2 c6 5.O-O d5 6.b3 Bd6 7.Bb2 O-O 8.d4 Ne4 9.
Ne5 Nd7 10.Nxd7 Bxd7 11.Nd2 Nxd2 12.Qxd2 f4 13.Bc3 Qe7 14.a3 Rad8 15.Bb4 
dxc4 16.bxc4 c5 17.dxc5 Bxc5 18.Bxc5 Qxc5 19.Qb4 b6 20.Qxc5 bxc5 21.Rab1 
fxg3 22.fxg3 Rxf1+ 23.Kxf1 Ba4 24.Rb7 Rf8+ 25.Ke1 Rf7 26.Rb2 Rd7 27.Rb8+ 
Kf7 28.Rc8 Ke7 29.Rxc5 Bb3 30.Be4 g6 31.Bd3 Ba4 32.Kd2 Kd6 33.Ra5 Bc6 34.
Kc3 e5 35.Bc2 Rc7 36.Ra6 Kc5 37.Ra5+ Kd6 38.c5+ Kd5 39.e4+ Ke6 40.Bb3+ Ke7
41.Bd5 Bd7 42.Kc4 Bh3 43.Bg8 Kf8 44.Bd5 Ke7 45.Ba8 Be6+ 46.Kb4 Bd7 47.Ra6 
Bc8 48.Rc6 Kd7 49.Rd6+ Ke7 50.Kc4 Be6+ 51.Bd5 Bc8 52.a4 Bd7 53.a5 Bc8 54.
Bg8 Bb7 55.Bd5 Bc8 56.a6 Bd7 57.h4 Bg4 58.Bg8 Kf8 59.Be6 Be2+ 60.Kd5 Ke7 
61.c6 Bxa6 62.Bd7 Bc4+ 63.Kc5 Bf7 64.g4 a5 65.Rd2 Be8 66.Bxe8 1-0

[Event "zonal 3.1 (w)"]
[Site "Madras IND"]
[Date "1995.04.??"]
[Round "7"]
[White "Amarawickrama, Nihara"]
[Black "Shirazi, Jafari"]
[Result "0-1"]
[WhiteElo "2000"]
[BlackElo "2000"]
[EventDate "1995.04.16"]
[PlyCount "74"]

1.d4 Nf6 2.c4 e6 3.Nc3 Bb4 4.e3 d5 5.cxd5 exd5 6.Bd3 O-O 7.Ne2 Qd6 8.Ng3 
Re8 9.O-O c6 10.Qc2 Be6 11.e4 Nxe4 12.Ncxe4 dxe4 13.Bxe4 h6 14.Rd1 Nd7 15.
Be3 Nf6 16.Nf5 Qd7 17.Bd3 Nd5 18.a3 Ba5 19.b4 Bc7 20.Re1 a5 21.Rab1 axb4 
22.axb4 Nxe3 23.Nxe3 Qxd4 24.Red1 Qe5 25.g3 Ra2 26.Qc5 Qf6 27.Nc2 g6 28.b5
Bd5 29.f4 Qd6 30.Qxd6 Bxd6 31.bxc6 Bxc6 32.Nb4 Rg2+ 33.Kf1 Bxb4 34.Rxb4 
Rxh2 35.Bb5 Rh1+ 36.Kf2 Rxd1 37.Bxc6 bxc6 0-1

[Event "zonal 3.1 (w)"]
[Site "Madras IND"]
[Date "1995.04.??"]
[Round "7"]
[White "Gokhale, Anupama"]
[Black "Parveen, Seyda Shabana"]
[Result "1-0"]
[WhiteElo "2145"]
[BlackElo "2105"]
[EventDate "1995.04.16"]
[PlyCount "69"]

1.d4 d5 2.c4 e6 3.Nc3 Nf6 4.Bg5 Nbd7 5.e3 c6 6.cxd5 exd5 7.Bd3 Be7 8.Nf3 
O-O 9.Qc2 Re8 10.O-O Ne4 11.Bxe4 Bxg5 12.Bxh7+ Kh8 13.Nxg5 Qxg5 14.Bd3 Nf6
15.Rae1 Qh4 16.f3 g6 17.Qf2 Qxf2+ 18.Kxf2 Kg7 19.h4 b6 20.g4 Be6 21.Ne2 
Bxg4 22.fxg4 Nxg4+ 23.Kg3 Nxe3 24.Rg1 f5 25.Nf4 Kf6 26.Nxg6 c5 27.Nf4 cxd4
28.Kf3 Rac8 29.Rg5 Re4 30.Nxd5+ Nxd5 31.Bxe4 fxe4+ 32.Rxe4 Ne3 33.Rxd4 Nf5
34.Rf4 Rc5 35.Kg4 1-0